• 首页
  • 本馆介绍
  • 公告通知
  • 最新文献
  • 馆藏检索
  • 电子资源
  • 读者导购
  • 参考咨询
  • 我的图书馆
  • 登录
  • 详细信息显示
  • 放入我的书架
  • 预约/预借图书
  • 作者相关作品
  • 分类相关作品
  • 丛书相关作品
  • 出版社相关作品

书目信息

  • 表格格式
  • 工作单格式
  • 卡片格式
题名:
Jacobi定理
    
 
作者: ;刘培杰数学工作室 编著
分册:  
出版信息: 哈尔滨   哈尔滨工业大学出版社  2017.06
页数: 360页
开本: 23cm
丛书名: 现代数学中的著名定理纵横谈丛书
单 册:
中图分类: O241.6
科图分类:
主题词: 雅可比方法
电子资源:
ISBN: 978-7-5603-6511-4
000 00909oam2 2200265 450
001 1437
005 20180928104448.16
010    @a978-7-5603-6511-4@b精装@dCNY98.00
100    @a20180315d2017 em y0chiy50 ea
101 0  @achi
102    @aCN@b230000
105    @ay z 000yy
200 1  @aJacobi定理@9Jacobi ding li@dJacobi theorem@f刘培杰数学工作室编著@zeng
210    @a哈尔滨@c哈尔滨工业大学出版社@d2017.06
215    @a360页@d23cm
225 1  @a现代数学中的著名定理纵横谈丛书@v33@f王梓坤主编
300    @a国家出版基金资助项目 国家出版基金项目
330    @a本书通过一道日本数学奥林匹克试题研究讨论雅克比定理及其相关知识。
461  0 @12001 @a现代数学中的著名定理纵横谈丛书
510 1  @aJacobi theorem@zeng
606 0  @a雅可比方法
690    @aO241.6@v5
711 02 @a刘培杰数学工作室@9liu pei jie shu xue gong zuo shi@4编著
801  0 @aCN@b91MARC@c20180315
905    @aMuseLib@dO241.6@e238
    
    Jacobi定理=Jacobi theorem/刘培杰数学工作室编著.-哈尔滨:哈尔滨工业大学出版社,2017.06
    360页;23cm.-(现代数学中的著名定理纵横谈丛书;33/王梓坤主编)
    国家出版基金资助项目 国家出版基金项目
    
    ISBN 978-7-5603-6511-4(精装):CNY98.00
    本书通过一道日本数学奥林匹克试题研究讨论雅克比定理及其相关知识。
●
相关链接 在E读中查询图书 在五车中查询图书 在当当中查询图书 在豆瓣中查询图书


正题名:Jacobi定理     索取号:O241.6/238         预约/预借

序号 登录号 条形码 馆藏地/架位号 状态 备注
1 1122650   211226500   第二样本阅览室/ [索取号:O241.6/238] 在馆    
2 1122651   211226519   密集书库-数信学院/ [索取号:O241.6/238] 在馆    
3 1122652   211226528   第三借阅区/ [索取号:O241.6/238] 在馆    
唐山师范学院图书馆 欢迎您!
大连网信软件有限公司© 版权所有